000 00830nas a2200277 4500
001 BR2015005471
003 BR-BrBNA
005 20231205125746.0
007 ta
008 230509b bl.|||p| |||| 00| 00por d
040 _aBR-BrBNA
_bpor
_cBiblioteca Nacional de Agricultura
041 _a(En)
072 _aF04; P35
100 1 _aSantos, E.O. de J.
100 1 _aGontijo, I.
100 1 _aSilva, M.B. da
245 1 _aSpatial variability of soil acidity attributes and liming requirement for conilon coffee
650 _aSOLO ACIDO
650 _aCALAGEM
650 _aPH
650 _aESTATISTICA AGRICOLA
650 _aCOFFEA CANEPHORA
773 0 _tCoffee Science (Brazil)
_xISSN 1809-6875
_g(Apr-Jun 2014), v. 9(2) p. 275-283
_wBR2015005471
909 _a202311
_bLúcia
_c55
_dLúcia Elande
942 _2AGRIS
_n0
_cANA
999 _c245974
_d245974